Viacrozmerný prepájací model softvéru

Salvato in:
Dettagli Bibliografici
Autore principale: Neupauer, Adam (Autore)
Altri autori: Vranić, Valentino (Relatore della tesi)
Natura: Manoscritto Libro
Lingua:slovacco
Pubblicazione: 2018
Soggetti:
Accesso online:http://is.stuba.sk/zp/portal_zp.pl?podrobnosti=138045
Tags: Aggiungi Tag
Nessun Tag, puoi essere il primo ad aggiungerne!!

MARC

LEADER 00000ntm a22000003a 4500
001 stuzp70483
003 SK-STU
005 20190312163606.1
007 ta
008 150427s2015----xo-----f-mn---000-0-slo-d
040 |a STU  |b slo 
041 0 |a slo 
044 |a xo 
100 1 |a Neupauer, Adam  |u 070200  |k Z4  |4 aut  |U FIIT Fakulta informatiky a informačných technológií  |T FIIT Ústav informatiky, informačných systémov a softvérového inžinierstva  |X 72266  |U I200  |Y 179  |7 72266 
242 0 1 |a Multidimensional interrelating software model  |y eng 
245 1 0 |a Viacrozmerný prepájací model softvéru 
260 |c 2018 
300 |a 76 s.,  |e CD-rom 
650 4 |a modelovanie  |2 slo 
650 4 |a externé  |2 slo 
650 4 |a interné  |2 slo 
650 4 |a prepájanie  |2 slo 
650 4 |a viacrozmerné  |2 slo 
650 4 |a znalosti  |2 slo 
650 4 |a internal  |2 eng 
650 4 |a multidimensional  |2 eng 
650 4 |a knowledge  |2 eng 
650 4 |a interrelating  |2 eng 
650 4 |a modellng  |2 eng 
650 4 |a external  |2 eng 
700 1 |a Vranić, Valentino  |u 070200  |k Z1  |4 ths  |U FIIT Fakulta informatiky a informačných technológií  |T FIIT Ústav informatiky, informačných systémov a softvérového inžinierstva  |X 4235  |U I200  |Y 179  |7 4235 
856 4 |u http://is.stuba.sk/zp/portal_zp.pl?podrobnosti=138045 
996 |b IZP20180166  |c I*DP9/18  |l II680  |s P  |a 0  |w stuzp70483_0001